Pioneros del diseño moderno: de William Morris a Walter Gropius

Saved in:
Bibliographic Details
Main Author: Pevsner, Nikolaus (Author)
Format: Book
Language:Spanish
Published: Buenos Aires Ediciones Infinito 1963
Edition:2a. ed
Series:Biblioteca de Diseño y Artes Visuales, 1
Subjects:
Tags: Add Tag
No Tags, Be the first to tag this record!

MARC

LEADER 00000nam a2200000 a 4500
001 UCT0995
003 CL-VaPUC
008 960913e19630000AG |||||||||||||||||spa|d
082 0 4 |a 745.444  |b PEV  |2 21 
100 0 |a Pevsner, Nikolaus  |e author  |9 369642 
245 1 0 |a Pioneros del diseño moderno: de William Morris a Walter Gropius 
250 |a 2a. ed 
300 |a 270 p 
942 |c BK 
945 |d 19960913 00:00:00  |a rleighto 
260 |a Buenos Aires  |b Ediciones Infinito  |c 1963 
650 0 |a Artes decorativas  |9 266306 
650 0 |a Arte moderno  |9 265333 
650 0 |a Arquitectura  |9 804558 
650 0 |a Arte   |y Siglo 19  |9 369644 
650 0 |a Alfombras  |9 352879 
650 7 |a PROCESOS TEXTILES  |2 CL-VaPUC  |9 369645 
650 0 |a Pintura  |9 265046 
583 |a last modification  |c 20160826 04:37:56  |k Rodrigo Vera 
490 0 |a Biblioteca de Diseño y Artes Visuales, 1 
999 |c 251674  |d 251672 
952 |0 0  |1 0  |4 0  |6 745_444000000000000_PEV_1963  |7 0  |8 A  |9 270991  |a BIBARQ  |b BIBARQ  |d 2019-11-19  |i 323052K  |o 745.444 PEV 1963  |p 323052K  |r 2025-01-20  |w 2019-11-19  |y BK  |k ARQ 
952 |0 0  |1 0  |4 0  |6 745_444000000000000_PEV_1963  |7 0  |8 A  |9 270992  |a BIBARQ  |b BIBARQ  |d 2019-11-19  |i 430506K  |l 1  |m 1  |o 745.444 PEV 1963  |p 430506K  |r 2025-01-20  |s 2023-10-16  |w 2019-11-19  |y BK  |k ARQ